000 00804nam a2200217 i 4500
001 10298
003 ES-MaACL
005 20230906145847.0
007 t|
008 950420s1994 sp ||||1| spa d
020 _a84-605-1752-7
080 _a636.2.088.663
100 1 _aRodríguez Montesinos, Adolfo.
_998680
245 1 0 _aPelajes y encornaduras del toro de lidia /
_cAdolfo Rodríguez Montesinos ; prólogo de Rafael Campos de España.
260 _aMadrid :
_bConsejo General de Colegios Veterinarios de España ;
_aZaragoza :
_bIBERCAJA,
_cD.L. 1994.
300 _a292 p. :
_bil. ;
_c24 cm.
650 1 4 _aToros de lidia.
_917564
700 1 _aCampos de España, Rafael.
_934264
710 2 _aConsejo General de Colegios Veterinarios de España.
_93215
852 _aES-MaACL
_jL-17822
_bR.123857
999 _c10298
_d10298